ISO 9000-3 : a tool for software product and process improvement

Αποθηκεύτηκε σε:
Λεπτομέρειες βιβλιογραφικής εγγραφής
Κύριος συγγραφέας: Kehoe, Raymond
Άλλοι συγγραφείς: Jarvis, Alka
Μορφή: Βιβλίο
Γλώσσα:English
Δημοσίευση: New York ; : Berlin : Springer Verlag, c1996
Θέματα:
Ετικέτες: Προσθήκη ετικέτας
Δεν υπάρχουν, Καταχωρήστε ετικέτα πρώτοι!

MARC

LEADER 00000nam a2200000 i 4500
001 1/95731
008 991209s1996 eng d
020 |a 0387945687 
035 |l 10055431 
040 |a GR-MY-UA  |b gre  |e aacr 
041 0 |a eng 
082 0 |a 005.10685 
100 1 |a Kehoe, Raymond. 
245 1 0 |a ISO 9000-3 :  |b a tool for software product and process improvement /  |c Raymond Kehoe, Alka Jarvis 
260 |a New York ; :   |a Berlin :   |b Springer Verlag,   |c c1996 
300 |a xiii, 229 p.;  |b ill.;  |c 25 cm. 
504 |a Includes bibliographical references and index 
650 0 0 |a Computer software  |x Quality control. 
700 1 |a Jarvis, Alka. 
852 |a INST  |b SAMOS  |e 19991209  |h 005.10685 ΚΕΗ  |p 005300016422  |q 005300016422  |t BK  |y 0 
901 |a BIBL3-1999-3 
909 |a Σ  |b 070530 
922 |a 3ΕΛΗ  |b 199911  |c ΤΠΕΣ  |d ΠΑΠΑΣΩΤΗΡΙΟΥ 
970 |a ΓΕΝΟΥΖΟΥ  |b ΧΡΥΣΑΝΘΗ  |z 1999/12/09